| 000 | 01377cam a2200397 a 4500 | ||
|---|---|---|---|
| 001 | sjds1068913 | ||
| 003 | sjds | ||
| 005 | 20171129183642.0 | ||
| 008 | 070901s2005 nyu c 000 1 spa | ||
| 020 | _a0439791758 (pbk.) | ||
| 020 | _a9780439791755 (pbk.) | ||
| 035 | _a344162 | ||
| 035 | _a344162 | ||
| 040 |
_dUtOrBLW _csjds |
||
| 041 | _aspa | ||
| 099 | _aSPA JF Carman | ||
| 100 | 1 |
_aCarman, Patrick, _eauthor. |
|
| 245 | 1 | 3 |
_aEl limite de los montes negros / _cPatrick Carman. |
| 260 |
_aNew York : _bScholastic, Inc., _c2005. |
||
| 264 | 1 |
_aNew York : _bScholastic, Inc., _c2005. |
|
| 300 |
_a272 pages : _billustrations, map ; _c19 cm. |
||
| 336 |
_atext _btxt _2rdacontent |
||
| 337 |
_aunmediated _bn _2rdamedia |
||
| 338 |
_avolume _bnc _2rdacarrier |
||
| 490 | 1 |
_aTierra de Elyon ; _vbk. 1 |
|
| 526 | 0 |
_aAccelerated Reader _bMG _c5.9 _d9.0 _z86676SP |
|
| 546 | _aSpanish | ||
| 650 | 0 |
_aHuman-animal communication _vJuvenile fiction. |
|
| 650 | 0 |
_aForest animals _vJuvenile fiction. |
|
| 650 | 0 |
_aForests and forestry _vJuvenile fiction. |
|
| 650 | 0 |
_aMagic _vJuvenile fiction. |
|
| 800 | 1 |
_aCarman, Patrick. _tLand of Elyon ; _vbk. 1. |
|
| 856 | 4 | 2 |
_3Publisher description _uhttp://www.loc.gov/catdir/description/schol051/2004016312.html |
| 856 | 4 | 2 |
_3Publisher description _uhttp://www.loc.gov/catdir/description/schol051/2004016312.html |
| 942 | _cBK | ||
| 999 |
_c17401 _d17401 |
||